Monopolybrett Quiz - Deutschland - Statistiken

Allgemein
  • Dieses Quiz wurde 653 mal gespielt
  • Das Durchschnittsergebnis liegt bei 25 aus 36
Antwortstatistiken
Wohnsitz % Korrekt
Schlossallee
89%
Südbahnhof
87%
Westbahnhof
87%
Nordbahnhof
85%
Gehen Sie in das Gefängnis
84%
LOS
84%
Nur zu Besuch (Im Gefängnis)
84%
Parkstraße
84%
Hauptstraße
82%
Badstraße
81%
Ereignisfeld
79%
Turmstraße
78%
Schillerstraße
77%
Berliner Straße
76%
Wasserwerk
76%
Elektrizitätswerk
75%
Frei Parken
73%
Goethestraße
73%
Münchener Straße
72%
Hauptbahnhof
70%
Bahnhofstraße
69%
Opernplatz
68%
Lessingstraße
67%
Wiener Straße
65%
Theaterstraße
62%
Gemeinschaftsfeld
61%
Einkommenssteuer
58%
Chausseestraße
57%
Elisenstraße
54%
Poststraße
53%
Seestraße
53%
Museumsstraße
50%
Neue Straße
50%
Rathausplatz
45%
Hafenstraße
43%
Zusatzsteuer
37%
Keine übereinstimmenden Quizze gefunden
Verteilung der Resultate
Anzahl Personen mit jedem Resultat
Perzentil nach korrekt beantworteten Fragen
Ihre Resultats-Entwicklung
Sie haben dieses Quiz noch nicht gespielt